000
00322nam a2200133Ia 4500
005
20260328101527.0
008
260328s9999||||xx |||||||||||||| ||und||
100
_a
Castle, Helen
245
0
_a
Turkey :
_b
At the threshold /
_c
Helen Castle
260
_b
John Wiley & Sons
300
_a
144 p.
650
_a
ASIA
942
_c
BK
999
_c
9812
_d
9812